000 00394 a2200157 4500
001 58678
020 _a8573023066
040 _cAnchieta - Pituba
100 _aLispector, Clarice
240 1 0 _aOs cem melhores contos brasileiros do século
_lpor
245 1 0 _aOs cem melhores contos brasileiros do século
300 _a618
362 0 _a2001
650 4 _aFicção brasileira
942 _cBK
999 _c58678
_d58678